000 00952nam a2200277Ia 4500
003 OSt
005 20221005111711.0
006 a|||||r|||| 00| 0
007 ta
008 221004b |||||||| |||| 00| 0 hin d
020 _a9789380441368 (hbk)
_cIndian Rupees 200
024 _a35529
037 _bGift, 31/01/2018,
_cTextual
040 _aCRL
_cCRL
_bhin
041 _2hin
_ahin
082 _aO152,1x, Q6
100 _aलाल्टू, ले.
245 0 _aकोई लकिर सच नहीं होती
246 _aKoī lakir sach nahīan hotī
260 _aबीकानेर
_bवाग्देवी प्रकाशन भारत
_c2016
300 _a128पृ0
_ccm.
650 _a हिन्दी साहित्य
650 _aहिन्दी कविता
942 _hO152,1x, Q6
_cTEXL
_2cc
999 _c1022630
_d1022630